Top 15 Disney Characters of All Time - Statistics

General Stats
  • This quiz has been taken 1,280 times
  • The average score is 11 of 15
Answer Stats
Hint Answer % Correct
Yellow bear that loves honey Pooh
96%
A blue fish that talks and helps find Nemo Dory
95%
Circus elephant that can fly with his ears Dumbo
89%
Lion that lives on pride rock and loses his father Simba
87%
A little rabbit who thumps his feet and hangs out with a deer Thumper
86%
Mouse with a lot of personality Mickey Mouse
85%
A little crab that lives in the sea Sebastian
82%
Cowboy doll that has adventures with his friends Woody
82%
A little green one-eyed monster Mike Wazowsky
79%
Boy that grew up in the jungle with apes Tarzan
78%
Greek god who is the enemy of Hercules Hades
72%
Little red dragon who lives in China Mushu
63%
Rat that doesn't want to eat garbage and helps a boy in a resteraunt Remy
50%
Panther that tries to bring a man-cub to village Bagheera
35%
Princess who lives in Agrabah Princess Jasmine
32%
No matching quizzes found
Score Distribution
Percent of People with Each Score
Percentile by Number Answered
Your Score History
You have not taken this quiz